Ethad and other new stimulants for Hevea brasiliensis (Record no. 58845)

MARC details
000 -LEADER
fixed length control field 00478nam a2200157Ia 4500
100 ## - MAIN ENTRY--AUTHOR NAME
Personal name Dickenson P B
245 #0 - TITLE STATEMENT
Title Ethad and other new stimulants for Hevea brasiliensis
260 ## - PUBLICATION, DISTRIBUTION, ETC. (IMPRINT)
Name of publisher Proceedings of the International Rubber Conference, Kuala Lumpur. V.2, 1975; p315-342
650 ## - SUBJECT ADDED ENTRY--TOPICAL TERM
Topical Term Ethad
650 ## - SUBJECT ADDED ENTRY--TOPICAL TERM
Topical Term Hevea brasiliensis
650 ## - SUBJECT ADDED ENTRY--TOPICAL TERM
Topical Term Yield stimulation
700 ## - ADDED ENTRY--PERSONAL NAME
Personal name Abraham P D
700 ## - ADDED ENTRY--PERSONAL NAME
Personal name Sivakumaran S
942 ## - ADDED ENTRY ELEMENTS (KOHA)
Koha item type Journals
Holdings
Withdrawn status Lost status Damaged status Not for loan Home library Current library Shelving location Date acquired Koha item type
      Journals RRII Library RRII Library Physiology 17/12/2021 Journals